00489nam a2200169Ia 4500003000400000008004100004040001600045082001300061100002100074245008800095260004000183650003300223650000900256650001300265650000900278650003200287GCL140319s9999 xx 000 0 eng d aGCL / cGCL04a759bG L1 aGALERIE, BONNIER10aLEGER, MIRO, PICASSO, PEINTURES, DESSINS, CARAMIQUES, ESTAMPES / cGALERIE, BONNIER a[S.N] : bGALERIE BEYELER ، c196804aLEGER, FERNAND (1881 - 1955)04aARTS04aPAINTING04aMIRO04aPICASSO, PABLO, 1881 - 1973